书目信息 |
| 题名: |
薪酬设计与绩效考核全案
|
|
| 作者: | 赵国军 著 | |
| 分册: | ||
| 出版信息: | 北京 化学工业出版社 2016 |
|
| 页数: | 402页 | |
| 开本: | 26cm | |
| 丛书名: | 水木知行绩效管理实务丛书 | |
| 单 册: | ||
| 中图分类: | F272.923 , F272.921 | |
| 科图分类: | ||
| 主题词: | 企业管理--qi ye guan li--工资管理 , 企业管理--qi ye guan li--人事管理--人员测评 | |
| 电子资源: | ||
| ISBN: | 978-7-122-27425-0 | |
| 000 | 01074nam0 22002891 450 | |
| 001 | 0119165239 | |
| 005 | 20170620100332.43 | |
| 010 | @a978-7-122-27425-0@dCNY68.00 | |
| 100 | @a20161008d2016 em y0chiy50 ea | |
| 101 | 0 | @achi |
| 102 | @aCN@b110000 | |
| 105 | @ay z 000yy | |
| 106 | @ar | |
| 200 | 1 | @a薪酬设计与绩效考核全案@9xin chou she ji yu ji xiao kao he quan an@f赵国军著 |
| 205 | @a2版@b修订版 | |
| 210 | @a北京@c化学工业出版社@d2016 | |
| 215 | @a402页@d26cm | |
| 225 | 2 | @a水木知行绩效管理实务丛书@9shui mu zhi hang ji xiao guan li shi wu cong shu |
| 330 | @a本书将涉及薪酬设计与绩效考核的工具、方法、案例汇集在一起,为各企事业单位的薪酬设计与绩效考核工作提供强有力的指导和支持,以推动企业管理水平再上新的台阶。 | |
| 461 | 0 | @12001 @a水木知行绩效管理实务丛书 |
| 606 | 0 | @a企业管理@9qi ye guan li@x工资管理 |
| 606 | 0 | @a企业管理@9qi ye guan li@x人事管理@x人员测评 |
| 690 | @aF272.923@v5 | |
| 690 | @aF272.921@v5 | |
| 701 | 0 | @a赵国军@9zhao guo jun@c(咨询顾问)@4著 |
| 801 | 0 | @aCN@b百万庄@c20170616 |
| 905 | @b1010811-6@dF272.923@e1403=2@f6 | |
| 薪酬设计与绩效考核全案/赵国军著 .-2版,修订版.-北京:化学工业出版社,2016 |
| 402页;26cm.-(水木知行绩效管理实务丛书) |
| ISBN 978-7-122-27425-0:CNY68.00 |
| 本书将涉及薪酬设计与绩效考核的工具、方法、案例汇集在一起,为各企事业单位的薪酬设计与绩效考核工作提供强有力的指导和支持,以推动企业管理水平再上新的台阶。 |
| ● |
| 相关链接 |
|
|
|
|
正题名:薪酬设计与绩效考核全案
索取号:F272.923/1403=2
 
预约/预借
| 序号 | 登录号 | 条形码 | 馆藏地/架位号 | 状态 | 备注 |
| 1 | 1010811 | 210108113 | 第一样本阅览室/ [索取号:F272.923/1403=2] | 在馆 | |
| 2 | 1010812 | 210108122 | 教育系资料室/ [索取号:F272.923/1403=2] | 在馆 | |
| 3 | 1010813 | 210108131 | 教育系资料室/ [索取号:F272.923/1403=2] | 在馆 | |
| 4 | 1010814 | 210108140 | 教育系资料室/ [索取号:F272.923/1403=2] | 在馆 | |
| 5 | 1010815 | 210108159 | 第一借阅区/ [索取号:F272.923/1403=2] | 在馆 | |
| 6 | 1010816 | 210108168 | 第一借阅区/ [索取号:F272.923/1403=2] | 在馆 |